[Event "Dortmund SuperGM 23rd"]
[Site "Dortmund"]
[Date "1995.07.23"]
[Round "9"]
[White "Ivanchuk, Vassily"]
[Black "Bareev, Evgeny"]
[Result "1-0"]
[WhiteElo "2740"]
[BlackElo "2650"]
[Annotator "Huebner,R"]
[PlyCount "51"]
[EventDate "1995.07.14"]
[EventType "tourn"]
[EventRounds "9"]
[EventCountry "GER"]
[EventCategory "17"]
[SourceTitle "CBM 048"]
[Source "ChessBase"]
[SourceDate "1995.10.01"]
[SourceVersion "1"]
[SourceVersionDate "1995.10.01"]
[SourceQuality "1"]

1. Nf3 {Ftacnik} d5 2. d4 Nf6 3. c4 c6 4. Nc3 dxc4 5. a4 Bf5 6. e3 e6 7. Bxc4
Bb4 8. O-O Nbd7 9. Nh4 Bg6 10. Be2 O-O (10... a5 {Ftacnik} 11. Nxg6 hxg6 12.
Qc2 Qc7 13. g3 e5 14. Rd1 Rd8 15. Bf3 O-O 16. Na2 Bd6 17. dxe5 Nxe5 18. Bg2 Be7
19. Bd2 Nd5 20. Qb3 $6 Nb4 $1 21. Nxb4 axb4 22. Be1 c5 23. Qc2 c4 24. Bd5 $8 {
Kramnik,V-Lautier,J/Pamplona/1992/0-1 (42)}) (10... Rc8 {Ftacnik} 11. g3 O-O
12. Nxg6 hxg6 13. Qb3 Qb6 14. Rd1 Rfd8 15. Na2 Be7 16. Qxb6 Nxb6 17. a5 Nbd5
18. f3 Nb4 19. Nxb4 Bxb4 20. e4 c5 21. Be3 cxd4 22. Rxd4 Rxd4 23. Bxd4 Bc5 24.
Rd1 {Yusupov,A-Khalifman,A/Munich (08)/1992/0.5 (38)}) (10... Qc7 {Ftacnik} 11.
g3 O-O 12. Nxg6 hxg6 13. Qc2 e5 14. Bf3 Rfe8 15. Bg2 Rad8 16. Rd1 Nf8 17. Bd2 {
Gleizerov,E-Volzhin,A/St.Petersburg op (05)/1995/0.5 (17)}) 11. Nxg6 hxg6 12.
Qc2 Rc8 {Bisher wurden in dieser Stellung folgende zwei Fortsetzungen erprobt.
Der Textzug dürfte keine Verbesserung darstellen.} (12... Qb6 13. Rd1 e5 14.
Na2 Be7 15. dxe5 Nxe5 16. b4 {Ftacnik} Rac8 17. Bb2 Qc7 18. g3 Rfe8 19. b5 c5
20. Bxe5 Qxe5 21. Bc4 Qf5 22. Qxf5 gxf5 23. Nc3 Red8 {Ivanchuk,V-Khalifman,A/
Moscow GMA-qual f (3)/1990/0.5 (24)}) (12... Qe7 13. Rd1 e5 14. h3 (14. Na2 Bd6
15. b4 e4 {/\Nd5  braucht Schwarz nicht zu fürchten}) 14... a5 15. dxe5 Qxe5
16. Bd2 $10 {Kramnik,V-Hübner,R/ BL1992.}) 13. e4 c5 {Nach 13...e5 14.de5 Ne5
hätte sich der Zug 12...Rc8 als sinnlos und überflüssig erwiesen; Weiß erhält
Vorteil mit 15.h3 nebst f2-f4.} (13... Qa5 {Ftacnik} 14. Rd1) 14. d5 exd5 15.
exd5 (15. Nxd5 $5) 15... Re8 (15... Bxc3 16. bxc3 Nxd5 {ist eine kritische
Fortsetzung:} 17. Rd1 (17. Bf3 Ne5 (17... N5f6 18. Bf4 (18. Bxb7 Rb8 19. Bf3
Ne5 {gibt dem Weißen keinen Vorteil.}) 18... Qa5 19. Bxb7 Rcd8 20. Rab1 {
Die Lage des Schwarzen ist unbequem.}) 18. Be4 Nf6 {ist offenbar befriedigend
für Schwarz.}) (17. Qb3 {Ftacnik} N7f6 18. Bf3 Rc7 19. Rd1 c4 20. Qa2 $36)
17... N5f6 18. Bf4 {Weiß hat gute Kompensation für den geopferten Bauern.} (18.
Bg5 $44)) 16. Rd1 c4 17. d6 {[%csl Gd6] Ftacnik Black will get a chance to
regret his decision not to accept pawn sacrifice two moves earlier. Getting
rid of d6P will prove surprisingly difficult.} Re6 $6 (17... Ne5 $5 18. Bg5
Bxc3 19. bxc3 Qd7 $13) 18. Bf4 Qb6 {Es ist mir nicht gelungen, eine ganz
befriedigende Fortsetzung für Schwarz zu finden:} (18... Nh5 19. Bxh5 gxh5 20.
Ne4 $16 (20. Nb5 Qf6 {ist nicht überzeugend.})) (18... a6 19. Bf3 Qb6 20. Nd5
Nxd5 21. Bxd5 Rf6 22. Be3 Bc5 (22... Qa5 23. Bxb7 {Auch 23.Bc4 ist stark.}) (
22... Qd8 23. Bg5 {und Weiß gewinnt.}) 23. Qxc4 Rxf2 24. b4 Rf4 25. bxc5) (
18... Bxc3 19. bxc3 Ne5 {bietet vielleicht am ehesten Aussicht auf Widerstand.}
) 19. Nb5 Bc5 (19... a6 {Ftacnik} 20. Nc7 Rxd6 21. Bxd6 Bxd6 22. Nd5) 20. Bg3
Ne4 {Ich sehe nichts Besseres:} (20... a6 21. Nc7 Rxd6 22. Bxd6 Bxd6 23. Nd5
Nxd5 (23... Bxh2+ {Ftacnik} 24. Kxh2 Qd6+ 25. Kg1 Nxd5 26. Rd4 $16) 24. Rxd5
Nf6 25. a5 Qc7 26. Rd4 Bxh2+ 27. Kh1 {Weiß steht auf Gewinn.}) 21. Bg4 f5 22.
Bf3 (22. Nc7 {Ftacnik} Rxd6 23. Bxd6 (23. Nd5 Rxd5 24. Rxd5 Ndf6) 23... Bxd6
24. Nd5 Qxf2+ 25. Qxf2 Nxf2 26. Kxf2 fxg4 $14) 22... Kh7 {Ich sehe keine
wirksame Verteidigung gegen die Drohung 23.Nc7; es ist peinlich für Schwarz,
daß P auf c4 jetzt auf äußerst schwachen Füßen steht.} (22... Nxg3 {Ftacnik}
23. Bd5 $1 Bxf2+ 24. Qxf2 Ne2+ 25. Kf1 Qxf2+ 26. Kxf2 Nf4 27. Bxe6+ Nxe6 28.
Nxa7 $16) 23. Nc7 {[%cal Yb5c7,Yc7d5] Ftacnik White deserves full praise for
utilising his advantage in d6P. First he have weakened black s pawn structure
and now he uses the intruder as a trampoline.} Re5 (23... Rxd6 {Ftacnik} 24.
Bxd6 Nxd6 25. Nd5 Qa6 26. Re1 $16) 24. Nd5 Rxd5 (24... Qxd6 {Ftacnik} 25. Bxe4
fxe4 26. Ne3 Qe7 27. Rxd7 Qxd7 28. Bxe5 $18) 25. Rxd5 Nxg3 26. a5 (26. a5 $1 {
Ftacnik} Qa6 (26... Bxf2+ 27. Qxf2 Qxf2+ 28. Kxf2 Ne4+ 29. Bxe4 fxe4 30. Rc1
$18) 27. hxg3 Rc6 (27... Bxd6 28. Qd2 Rc6 29. Rd4 $18) 28. Rxf5 $1 gxf5 29.
Qxf5+ $18) 1-0

[Event "EU-Cup 16th"]
[Site "Neum"]
[Date "2000.09.27"]
[Round "4.4"]
[White "Sokolov, Ivan"]
[Black "Sakaev, Konstantin"]
[Result "1/2-1/2"]
[WhiteElo "2611"]
[BlackElo "2627"]
[Annotator "Huebner,R"]
[PlyCount "82"]
[EventDate "2000.09.24"]
[EventType "team-swiss"]
[EventRounds "7"]
[EventCountry "BIH"]
[SourceTitle "CBM 080"]
[Source "ChessBase"]
[SourceDate "2001.01.25"]
[SourceVersion "1"]
[SourceVersionDate "2001.01.25"]
[SourceQuality "1"]
[WhiteTeam "Sarajevo Bosna"]
[BlackTeam "St Petersburg"]
[WhiteTeamCountry "BIH"]
[BlackTeamCountry "RUS"]

1. d4 d5 2. c4 c6 3. Nc3 Nf6 4. Nf3 dxc4 5. a4 Bf5 6. e3 e6 7. Bxc4 Bb4 8. O-O
O-O 9. Nh4 Nbd7 10. Nxf5 exf5 11. Qc2 g6 12. f3 Rc8 13. Kh1 c5 14. Na2 Ba5 15.
dxc5 Rxc5 16. b4 Bxb4 17. Nxb4 Qc7 18. Bxf7+ Rxf7 19. Qa2 Ne5 20. Bb2 a5 21. f4
axb4 22. fxe5 Ng4 23. Rfc1 Nxe5 24. Rxc5 Qxc5 25. Rc1 Qd6 26. Rc8+ Kg7 27. Bd4
Kh6 28. Qf2 g5 29. Qg3 f4 30. Qh3+ Kg7 31. Qh5 Rf5 32. g4 {Dies ist spielbar,
aber sicherer war} (32. Qg4 Qxd4 33. Rc7+ Kg8 34. Rc8+ Kg7 35. Rc7+ {mit Remis.
}) 32... fxg3 33. Rc5 $2 (33. hxg3 b3 34. Rc1 {ist nötig.}) 33... h6 $2 ({
Zum Gewinn führte} 33... b6 34. Rxe5 Qc6+ 35. e4 (35. Rd5+ Kg8 36. e4 Rxd5 {
mit Gewinn.}) (35. Kg1 gxh2+ {nebst matt.})) 34. Qe8 $18 Kh7 35. Rxe5 ({Auch} 
35. hxg3 {läßt den Schwarzen in einer hoffnungslosen Lage zurück; er verliert
den Springer auf e5 ohne Ersatz.}) 35... Rxe5 36. Qf7+ Kh8 37. hxg3 g4 38. Qf5
Qc6+ 39. Kg1 $2 (39. Kh2 {, und Schwarz muß aufgeben.}) 39... Kg8 40. Bxe5 Qc1+
41. Kg2 Qd2+ 1/2-1/2

[Event "EU-chT (Men) 13th"]
[Site "Leon"]
[Date "2001.11.08"]
[Round "3.3"]
[White "Zaja, Ivan"]
[Black "Hector, Jonny"]
[Result "0-1"]
[WhiteElo "2476"]
[BlackElo "2528"]
[Annotator "Huebner,R"]
[PlyCount "84"]
[EventDate "2001.11.06"]
[EventType "team-swiss"]
[EventRounds "9"]
[EventCountry "ESP"]
[SourceTitle "CBM 086"]
[Source "ChessBase"]
[SourceDate "2002.02.05"]
[SourceVersion "1"]
[SourceVersionDate "2002.02.05"]
[SourceQuality "1"]
[WhiteTeam "Croatia"]
[BlackTeam "Sweden"]
[WhiteTeamCountry "CRO"]
[BlackTeamCountry "SWE"]

1. d4 d5 2. Nf3 Nf6 3. c4 c6 4. Nc3 dxc4 5. a4 Bf5 6. Nh4 e6 7. Nxf5 exf5 8. e3
Bb4 9. Bxc4 O-O 10. O-O Nbd7 11. Bd2 {Dies ist eine ziemlich zahme Fortsetzung,
die keinen Eröffnungsvorteil verspricht.} Qa5 12. Qc2 Rac8 $1 {Schwarz
reagiert gesund und natürlich.} 13. Rad1 c5 14. Bb5 cxd4 15. exd4 a6 16. Bxd7 (
16. Bd3 g6 17. Qb3 {scheint mir eine natürlichere Fortsetzung zu sein.}) 16...
Nxd7 17. d5 g6 18. Bh6 {In dieser Stellung entfaltet der Läufer auf h6 keine
Wirksamkeit, weil die Dame des Schwarzen die Diagonale a1-h8 kontrollieren
wird. Besser ist} (18. Rfe1 {mit etwa gleichem Spiel.}) 18... Rfe8 19. d6 ({
Besser hätte Weiß seinen Irrtum eingesehen:} 19. Be3 Bxc3 20. bxc3 Qxc3 21. Qb1
{mit guten Überlebensaussichten für Weiß.}) 19... Bxc3 20. bxc3 Qxc3 21. Qb1 b6
22. Rd3 $2 (22. Be3 {hindert den Schwarzen daran, seinen Turm nach c6 zu
bringen; Weiß erreicht den Abtausch eines Bauernpaares am Damenflügel und
erhält gute Rettungsaussichten, zum Beispiel:} Rc4 23. Rc1 Qb4 24. Rxc4 Qxc4
25. Bxb6 Qxa4 26. Bc7 a5 27. Qb7) 22... Qf6 23. Be3 Rc6 24. Rfd1 Re6 (24... f4
25. Bd4 Qf5 {mit der Absicht, Te8-e2x nachfolgen zu lassen, kommt ebenfalls in
Betracht.}) 25. Qb4 Re4 26. Rd4 a5 27. Qa3 ({Die Fortsetzung} 27. Qd2 Rxd4 28.
Qxd4 Qxd4 29. Rxd4 f6 {ist natürlich hoffnungslos für Weiß.}) 27... Rxd4 28.
Rxd4 f4 $6 (28... Nc5 {gewinnt den d-Bauern kostenlos:} 29. d7 Rd6 30. Qc3 Qe7
31. Rxd6 Qxd6 {usw.}) 29. Rxf4 Rxd6 30. Kf1 $6 ({Besseren Widerstand leistet} 
30. h3 Rd1+ 31. Kh2 Qe6 (31... Qe5 32. Qb3 Rd5 33. g3 {ist nicht stärker.}) 32.
Qc3) 30... Qe6 31. Qb2 Nc5 32. Rd4 {Damit entfällt auch noch die Verteidigung
des Bauern auf a4.} (32. Qc2 {ist zäher.}) 32... Qe5 33. g3 (33. Rxd6 Qxd6 {
kostet einen weiteren Bauern: es droht matt auf d1, und a4 sowie h2 sind
angegriffen.} (33... Qxb2 $4 34. Rd8+ Kg7 35. Bd4+ $18)) 33... Nxa4 34. Qd2
Rxd4 35. Bxd4 Qb5+ 36. Kg2 Qd5+ 37. f3 Nc5 38. Qf4 Nd7 39. h4 a4 40. g4 a3 41.
Bc3 a2 42. g5 a1=Q 0-1

[Event "Moscow Aeroflot op"]
[Site "Moscow"]
[Date "2002.02.09"]
[Round "7"]
[White "Shipov, Sergei"]
[Black "Miton, Kamil"]
[Result "1-0"]
[WhiteElo "2630"]
[BlackElo "2521"]
[Annotator "Huebner,R"]
[PlyCount "67"]
[EventDate "2002.02.04"]
[EventType "swiss"]
[EventRounds "9"]
[EventCountry "RUS"]
[SourceTitle "CBM 088"]
[Source "ChessBase"]
[SourceDate "2002.03.21"]
[SourceVersion "1"]
[SourceVersionDate "2002.03.21"]
[SourceQuality "1"]

1. d4 d5 2. c4 c6 3. Nf3 Nf6 4. Nc3 dxc4 5. a4 Bf5 6. Nh4 e6 7. Nxf5 exf5 8. e3
Bb4 9. Bxc4 O-O 10. O-O Nbd7 11. Qc2 g6 12. f3 a5 {Diese Stellung ist schon
mehrfach in der Praxis erprobt worden. Ich gebe einige Beispiele für andere
Fortsetzungen:} (12... Rc8 13. Kh1 c5 14. Na2 Ba5 15. dxc5 Rxc5 16. b4 Bxb4 17.
Nxb4 Qc7 18. Bxf7+ Rxf7 19. Qa2 Ne5 $15 {1/2-1/2 Sokolov,I-Sakaev,K/Neum 2000/
CBM 80/[Huebner,R] (41). (41)}) (12... Qb6 13. Qf2 Qa5 14. Bd2 c5 15. Qh4 Rad8
16. Rfd1 Nb6 17. Bb3 Nfd5 18. dxc5 Nxc3 19. Bxc3 Rxd1+ 20. Rxd1 Bxc3 21. bxc3
Qxc3 22. Bxf7+ Rxf7 23. cxb6 Qxe3+ 24. Qf2 Qxb6 25. Qxb6 axb6 26. Rd6 Rc7 {
1/2-1/2 Madsen,D-Gausel,E/Langesund 1999/EXT 2000 (26).}) 13. Kh1 (13. Na2 Be7
14. Bd2 Nb6 15. Bd3 f4 16. e4 Qxd4+ 17. Kh1 Nh5 18. Nc1 Rfd8 $17 {1/2-1/2
Martin,D-Dridi,A/Moscow 1994/CBM 44 ext (67). (66)}) 13... Nh5 14. g4 {Dieser
scharfe Versuch kommt in Betracht und ist sicher nicht zu widerlegen. Meinem
Geschmack würde jedoch ein ruhigeres Vorgehen mehr entsprechen:} (14. Qf2 Ndf6
15. Bd2 (15. e4 {scheint mir noch stets verfrüht zu sein:} fxe4 16. Nxe4 Nd5
17. Bg5 Be7 18. Bxe7 Qxe7 19. Rfe1 Rfe8 {1/2-1/2 Grachev,B-Kuporosov,V/St
Petersburg 2001/CBM 82 ext (19).}) 15... Re8 16. Rad1 {, um schließlich nach
geeigneter Vorbereitung e3-e4 durchzusetzen (Xf7).}) 14... Ng7 15. Qg2 {
Zu einer ungefähr ausgeglichenen Stellung führt die Fortsetzung} (15. gxf5 Nxf5
16. Bd3 Ng7 17. Bd2) 15... c5 16. Nb5 Nb6 17. Bb3 Rc8 18. dxc5 Rxc5 19. Rd1 Qe7
20. gxf5 Rxf5 21. e4 Rh5 22. Bf4 Ne6 23. Bg3 Qg5 24. Bxe6 {Dies scheint mir
eine falsche strategische Entscheidung zu sein. Nach} (24. Bf2 {hat Weiß ein
sorgenfreies Leben:} Nc5 ({Auf} 24... Bc5 {folgt einfach} 25. Qxg5 Rxg5 26. Bg3
{mit einigem Vorteil für Weiß.}) 25. Qxg5 Rxg5 26. Bxc5 Rxc5 27. Nd6 Rc7 28. e5
{usw.}) 24... fxe6 25. b3 Qf6 26. f4 Rc5 27. Rac1 Nd7 28. Rb1 Qg7 29. Nd4 Re8
30. e5 Nf8 31. Qe4 Qd7 32. Nf3 Rd5 33. Rxd5 exd5 34. Qd3 {Schwarz überschritt 
(falls das Ergebnis richtig ist) vermutlich die Zeit, denn Weiß hat keinerlei
Vorteil.} 1-0

[Event "Reykjavik zt"]
[Site "Reykjavik"]
[Date "1995.??.??"]
[Round "2"]
[White "Tisdall, Jonathan D"]
[Black "Petursson, Margeir"]
[Result "1/2-1/2"]
[WhiteElo "2470"]
[BlackElo "2535"]
[Annotator "Huebner,R"]
[PlyCount "89"]
[EventDate "1995.03.??"]
[EventType "swiss"]
[EventRounds "11"]
[EventCountry "ISL"]
[SourceTitle "CBM 047"]
[Source "ChessBase"]
[SourceDate "1995.08.01"]
[SourceVersion "1"]
[SourceVersionDate "1995.08.01"]
[SourceQuality "1"]

1. Nf3 Nf6 2. c4 c6 3. d4 d5 4. Nc3 dxc4 5. a4 Bf5 6. e3 e6 7. Bxc4 Bb4 8. O-O
O-O 9. Nh4 Bg4 10. f3 Bh5 11. g4 Bg6 12. Nxg6 hxg6 13. e4 c5 14. g5 $146 {
Der Textzug stellt eine wichtige Verbesserung gegenüber der alten
Hauptvariante dar: Dem schwarzen Königsspringer wird zunächst der Einfluß auf
das Feld d5 entzogen. Das Abspiel wird damit unattraktiv für Schwarz, soweit
ich sehe.} (14. Na2 Qa5 15. Nxb4 Qxb4 16. b3 Rd8 17. Ba3 Qc3 18. Bxc5 Nc6 19.
Qc1 (19. Qe1 Qxe1 20. Raxe1 b6 21. Ba3 Nxd4 22. Bb2 $10 {Tukmakov-Ljubojevic,
Tilburg 1984, Inf. 38/485}) 19... Qxc1 20. Raxc1 b6 21. d5 exd5 22. exd5 Nxd5
23. Bxd5 Rxd5 24. Bxb6 axb6 25. Rxc6 b5 $10 {Lputjan-Petursson, Moskau 1987})
14... Nh5 (14... cxd4 $2 15. Na2 $18) (14... Nfd7 15. Na2 (15. d5 $6 Nb6 16.
Ba2 Bxc3 17. bxc3 exd5 18. exd5 c4 $13) 15... Nc6 (15... Nb6 16. Nxb4 (16. Be2
Nc6 17. Nxb4 $16) 16... Nxc4 (16... cxb4 17. Be2 Nc6 18. Be3 $16) 17. dxc5 Qxd1
(17... Qc7 18. Qd4 Na5 19. Qc3 {/\ 20.Le3+/-}) 18. Rxd1 a5 19. Nd3 {/\ 20.b3+/-
}) 16. d5 Na5 (16... exd5 17. Bxd5 $16) 17. dxe6 (17. Be2 exd5 $13) 17... Nxc4
18. exd7 $16) (14... Nh7 15. d5 Nxg5 (15... exd5 16. Nxd5 Nxg5 17. Nxb4 $18) (
15... Bxc3 16. bxc3 exd5 17. Qxd5 $16) 16. h4 Nh3+ (16... exd5 17. Bxg5 $18)
17. Kg2 Qxh4 (17... exd5 18. Bxd5 $18) 18. dxe6 Rd8 19. exf7+ Kf8 20. Qe1 $18)
15. Na2 Qa5 16. d5 (16. Nxb4 $6 Qxb4 17. b3 Rd8 18. Ba3 Qc3 19. Bxc5 Qe3+ 20.
Kh1 Qxg5 $15) 16... e5 $5 (16... exd5 $6 17. Bxd5 Nc6 18. Bxc6 (18. Be3 Rad8 {
/\ 19...Se7} 19. Qb3 Bd2 $13) 18... bxc6 19. Nxb4 (19. Be3 Rfd8 {/\ 20...Ld2})
19... Qxb4 20. Rf2 $16) 17. Nxb4 (17. Be3 $5 Nd7 18. Nc1 $14 {/\ 19.Sd3}) 17...
cxb4 $2 (17... Qxb4 18. Qb3 $14 (18. b3 Qc3 19. Ra2 Nd7 {/\ Sh5-f4, Dc3-d4 .}))
18. Be3 Nd7 19. Qd2 $16 Rac8 20. Rfc1 Rfd8 (20... Nc5 21. d6 {/\ 22.Dd5+/-})
21. Bb5 Rxc1+ $6 (21... Nf8 $142 22. Qf2 Nf4 23. Kh1 Nh3 24. Qg3 Nf4 $16) 22.
Rxc1 a6 (22... Nf8 23. Bc5 Ne6 (23... a6 24. Bxb4 Qb6+ 25. Bc5 $18) 24. Qxb4
Qxb4 25. Bxb4 Nd4 (25... Nxg5 26. Be7 $18) 26. Kf2 $18) 23. Bxd7 Rxd7 24. b3
Rc7 25. Rxc7 Qxc7 26. d6 $18 Qd7 27. Qd5 Nf4 28. Bxf4 $2 (28. Qxe5 Ne6 (28...
Nd3 29. Qe7 $18) (28... Ne2+ 29. Kf2 Nc3 30. Bd4 $18) 29. Qd5 $18) 28... exf4
29. Kg2 $6 (29. Qd2 Kf8 30. Qxb4 Ke8 31. Qc5 $18) 29... Kf8 30. Qc5 Ke8 31.
Qxb4 $6 (31. Qe5+ Kf8 (31... Kd8 32. Qxg7 Qxd6 33. Qxf7 Qd2+ 34. Kh3 Qe3 35.
Qd5+ {/\ 36.e5+-}) 32. Qxf4 {/\ 33.Dd2} Qc6 33. Qe5 $18) 31... Qc6 32. Qd2 Kd7
33. e5 (33. Qxf4 Qc2+ 34. Kg3 Qxb3 35. Qe5 Qe6) 33... Qc5 34. Qxf4 Qc2+ 35. Kg3
Qxb3 36. Qg4+ Kd8 37. Qd4 Qb1 38. Qc5 $6 (38. Qc4 $18) 38... Kd7 39. Qc7+ $2 (
39. Qc4 Qg1+ (39... Qe1+ 40. Kh3 Qxe5 41. Qc7+ Ke6 42. Qe7+ Kd5 43. Qxe5+ $18)
40. Kh3 Qxg5 41. Qxf7+ Kc6 42. Qc4+ $18) 39... Ke6 40. Qe7+ (40. Qc4+ Kxe5 41.
d7 Qb6 $13) 40... Kf5 41. Qxf7+ Kxe5 42. Qe7+ Kd5 43. d7 Qg1+ 44. Kf4 Qc1+ 45.
Kg3 1/2-1/2

[Event "Riga Tal Memorial"]
[Site "Riga"]
[Date "1995.??.??"]
[Round "7"]
[White "Jussupow, Artur"]
[Black "Kramnik, Vladimir"]
[Result "1/2-1/2"]
[WhiteElo "2660"]
[BlackElo "2715"]
[Annotator "Huebner,R"]
[PlyCount "47"]
[EventDate "1995.04.??"]
[EventType "tourn"]
[EventRounds "11"]
[EventCountry "LAT"]
[EventCategory "17"]
[SourceTitle "CBM 047"]
[Source "ChessBase"]
[SourceDate "1995.08.01"]
[SourceVersion "1"]
[SourceVersionDate "1995.08.01"]
[SourceQuality "1"]

1. d4 d5 2. c4 c6 3. Nf3 Nf6 4. Nc3 dxc4 5. a4 Bf5 6. e3 e6 7. Bxc4 Bb4 8. O-O
O-O 9. Nh4 Nbd7 10. Nxf5 {Meist wird 10.f3 oder 10.h3 gespielt.} exf5 11. Qc2 (
11. h3 a5 (11... g6 $5 12. Qf3 h5) 12. Qf3 Nb6 13. Bb3 g6 14. g4 fxg4 15. hxg4
h5 16. gxh5 Nxh5 $13 {Vaganjan-Beljavskij, Reggio Emilia 1987/88, Inf. 45/441})
(11. f3 Qa5 (11... Nb6 12. Bb3 Qd7 13. a5 (13. Qd3 Rad8 14. a5 Nc8 15. Bc2 g6 (
15... Nd6 16. Ra4 Bxc3 17. bxc3 $16 {Aseev-Solozenkin, UdSSR 1988, Inf. 45/
(442)}) (15... Ne7 $5 {Inf. 45/(442)}) 16. Ra4 c5 17. Na2 b5 18. axb6 Nxb6 19.
Ra6 $14 {Aseev, Inf. 42/(442)}) 13... Nbd5 14. Qd3 Be7 15. e4 Nb4 16. Qc4 Rad8
17. Be3 $16 {Jusupov-Ehlvest, Saint John (cm/1) 1988, Inf. 45/442}) (11... Qe7
12. Qc2 g6 13. e4 fxe4 (13... c5 14. Bg5 Bxc3 15. Qxc3 Qd6 16. dxc5 Qxc5+ 17.
Be3 Qc6 18. exf5 Rac8 19. Rfc1 Nb6 20. Bb3 Qxc3 21. Rxc3 Rxc3 22. bxc3 gxf5 23.
Bd4 Nh5 24. Re1 $16 {Aseev-Chalifman, UdSSR 1988, Inf. 45/(442)}) 14. fxe4 Bxc3
15. bxc3 Qxe4 16. Qb3 $44 {Aseev, Inf. 45/(442)}) 12. Qc2 (12. Qb3 Qb6 13. Kh1
Rad8 (13... c5 $5 14. Na2 Ba5 15. Qc2 Rac8 $13 {Aseev, Inf. 46/502}) 14. Ne2 c5
15. Ng3 f4 16. Nf5 cxd4 17. a5 Bxa5 18. exd4 $13 {Aseev-Savcenko, UdSSR 1988,
Inf. 46/502}) 12... c5 (12... Rad8 13. Na2 Bd6 14. Bd2 Qc7 15. Qxf5 Bxh2+ 16.
Kh1 Bd6 17. Nc3 g6 18. Qh3 $14 {Lputjan-Velikov, Saint John (open I) 1988, Inf.
45/443}) 13. Na2 cxd4 14. Nxb4 Qxb4 15. exd4 Nb6 $10 {Jusupov-Chandler,
Linares 1988, Inf. 45/444}) (11. Qf3 g6 12. h3 Qa5 13. Ne2 Rae8 14. b3 Ne4 15.
Ng3 Nd6 $15 {Polugaevskij-Ivancuk, Biel 1989, Inf. 48/(505)}) 11... g6 12. f3
$146 (12. Rd1 Qe7 (12... Qc7 13. Be2 a5 14. Bf3 Nb6 15. g3 Qe7 16. Bd2 Rfd8 17.
Rac1 Qe6 18. Be1 $10 {Mihal'cisin-Bareev, Lvov 1987, Inf. 45/(441)}) 13. Be2
Nb6 $6 {13...a5!?} 14. a5 Nbd5 15. a6 b5 16. Na2 $13 {Mihal'cisin-Beljavskij,
UdSSR 1987, Inf. 45/(441)}) 12... Qb6 {Schwarz drückt auf den Punkt d4, um
e3-e4 zu erschweren. Vielleicht kommt in dieser Stellung auch 12...Sb6 13.Lb3
a5 in Betracht.- Der Rest der Partie ist für mich zu schwer zu verstehen.} 13.
Kh1 Rae8 (13... c5 $5) 14. Qf2 c5 15. Qh4 Rc8 16. Ba2 Rfd8 17. Bd2 Nf8 18. a5
Qa6 19. Rfd1 c4 20. Be1 Re8 21. e4 Bxc3 22. Bxc3 fxe4 23. d5 N8d7 24. Rd4 {
Natürlich ist diese Stellung völlig unklar.} 1/2-1/2

[Event "Olympiad-34"]
[Site "Istanbul"]
[Date "2000.11.07"]
[Round "10.1"]
[White "Wu, Shaobin"]
[Black "Svetushkin, Dmitry"]
[Result "1/2-1/2"]
[WhiteElo "2523"]
[BlackElo "2472"]
[Annotator "Huebner,R"]
[PlyCount "88"]
[EventDate "2000.10.28"]
[EventType "team-swiss"]
[EventRounds "14"]
[EventCountry "TUR"]
[SourceTitle "EXT 2001"]
[Source "ChessBase"]
[SourceDate "2000.11.22"]
[SourceVersion "1"]
[SourceVersionDate "2000.11.22"]
[SourceQuality "1"]
[WhiteTeam "Singapore"]
[BlackTeam "Moldova"]
[WhiteTeamCountry "SIN"]
[BlackTeamCountry "MDA"]

1. d4 d5 2. c4 c6 3. Nf3 Nf6 4. Nc3 dxc4 5. a4 Bf5 6. e3 e6 7. Bxc4 Bb4 8. O-O
O-O 9. Nh4 Nbd7 10. Qb3 Qb6 11. h3 Bg6 12. Nxg6 hxg6 13. Rd1 a5 14. Bd2 e5 15.
Be1 Rad8 16. Qc2 exd4 17. exd4 Kh7 ({Die Fortsetzung} 17... Nb8 {ist nicht
schlechter:} 18. Qxg6 Rxd4 19. Ba2 Bc5 20. Rxd4 Bxd4 21. Qd3 Re8 22. Qc4 $2
Qxb2 23. Qxf7+ Kh8 {0-1 Gabriel,C-Haba,P/Bad Woerishofen 1992/TD (23).}) 18.
Ba2 Nb8 19. Bd2 Na6 $6 (19... Rxd4 20. Be3 Rxd1+ 21. Rxd1 Bc5 ({Nach} 21... Qc7
22. Rd4 {erhält Weiß eine gefährliche Initiative.}) 22. Nd5 cxd5 23. Qxc5 Qxc5
24. Bxc5 Re8 {führt zu einer ausgeglichenen Stellung.}) 20. Be3 Qc7 21. Bc4 Nb8
22. Ne4 Nd5 23. Ng5+ Kg8 24. h4 $6 ({Nach} 24. Qe4 Be7 (24... f6 {ist nicht
zureichend:} 25. Ne6 Qe7 26. Bd3 f5 27. Qe5 Rde8 (27... Nd7 28. Bg5 {mit
Materialgewinn.}) 28. Nxf8 Qxf8 29. Qg3) 25. Qh4 Bxg5 26. Bxg5 {hat Weiß
einigen positionellen Vorteil.}) 24... Be7 25. Nf3 Rd6 $6 (25... Nxe3 26. fxe3
Qg3 {kommt in Betracht.}) (25... Bf6 {ist ebenfalls eine solide Fortsetzung.})
26. Bg5 Qd8 27. Re1 Bf6 28. g3 $6 (28. Bxf6 gxf6 (28... Qxf6 29. Qb3 Nb4 30.
Re5 b6 31. Rae1 {führt zu großem positionellen Vorteil für Weiß.}) 29. Re2 {
ist aussichtsreicher; die Bauernstruktur des Schwarzen am Königsflügel ist
geschwächt.}) 28... Nd7 29. Kg2 Re8 30. Qb3 Rxe1 31. Rxe1 N7b6 32. Bd3 Bxg5 33.
Nxg5 Rd7 34. Be4 Re7 35. Nf3 Qd6 36. Bxd5 Nxd5 37. Re5 f6 38. Rxe7 Qxe7 39. Qd3
Kf7 40. Nd2 Qb4 41. b3 Qe7 42. Nc4 b6 43. Qf3 Kg8 44. Qd3 Kf7 1/2-1/2